Music Quiz

Random Music Quiz

DISCO SONGS BY UNLIKELY RECORDING ACTS Quiz Stats

 Plays Quiz not verified by Sporcle

Score 0/30 Timer 10:00
0 Plays Today
% Correct
Barry Manilow
100%
Blondie
100%
Rod Stewart
100%
Queen
100%
Pink Floyd
100%
Barbra Streisand
90.5%
Kiss
85.7%
Rolling Stones
81%
Marvin Gaye
81%
Herb Alpert
81%
Peter Allen
71.4%
Johnnie Taylor
71.4%
Paul McCartney & Wings
66.7%
Cher
66.7%
Four Seasons
66.7%
% Correct
Joe Tex
66.7%
Electric Light Orchestra
61.9%
The Kinks
57.1%
Bette Midler
47.6%
Dolly Parton
38.1%
Elton John
38.1%
Beach Boys
38.1%
Bryan Adams
33.3%
Chicago
33.3%
Liza Minnelli
23.8%
Ben E. King
23.8%
Bay City Rollers
19%
Tony Orlando
19%
Neil Diamond
14.3%
B.B. King
9.5%

You're not logged in!

Compare scores with friends on all Sporcle quizzes.
Join for Free
OR
Log In

You Might Also Like...

Show Comments

Extras

Created Jan 28, 2017ReportFavoriteNominate
Tags:disco

Top Quizzes Today


Score Distribution

Your Account Isn't Verified!

In order to create a playlist on Sporcle, you need to verify the email address you used during registration. Go to your Sporcle Settings to finish the process.

Report this User

Report this user for behavior that violates our Community Guidelines.

Details: